1980s Movies - Sudden Death - Statistics

General Stats
  • This quiz has been taken 23,388 times
    21,888 since last reset
  • The average score is 15 of 28
Answers on the Grid
Answers color-coded by a green-red scale on the quiz's grid according to % correct below.
Back to the Future
Beetlejuice
Beverly Hills Cop
Clue
Coming to America
Crocodile Dundee
Dirty Dancing
E.T. the Extra-Terrestrial
Easy Rider
Ferris Bueller's Day Off
Footloose
Forrest Gump
Ghostbusters
Good Morning, Vietnam
Groundhog Day
Jaws
Jumanji
Jurassic Park
Little Shop of Horrors
Mrs. Doubtfire
Parenthood
Pee-Wee's Big Adventure
Police Academy
Raiders of the Lost Ark
Rain Man
Return of the Jedi
Romancing the Stone
Schindler's List
Stand by Me
Superman
Taxi Driver
The Breakfast Club
The Goonies
The Graduate
The Jungle Book
The Karate Kid
The Little Mermaid
The Mummy
The NeverEnding Story
The Princess Bride
The Revenant
The Sixth Sense
The Truman Show
Top Gun
 
Answer Stats
Answer % Correct
1985 Back to the Future
94%
1982 E.T. the Extra-Terrestrial
79%
1984 Ghostbusters
75%
1987 Dirty Dancing
69%
1988 Beetlejuice
67%
1984 Footloose
65%
1986 Ferris Bueller's Day Off
63%
1984 Beverly Hills Cop
60%
1986 Crocodile Dundee
55%
1985 The Goonies
55%
1986 Top Gun
55%
1983 Return of the Jedi
53%
1985 The Breakfast Club
53%
1984 The Karate Kid
53%
1988 Coming to America
51%
1981 Raiders of the Lost Ark
51%
1987 Good Morning, Vietnam
50%
1984 Police Academy
46%
1986 Stand by Me
46%
1988 Rain Man
43%
1984 The NeverEnding Story
41%
1987 The Princess Bride
38%
1986 Little Shop of Horrors
35%
1985 Pee-Wee's Big Adventure
34%
1984 Romancing the Stone
34%
1985 Clue
32%
1989 The Little Mermaid
28%
1989 Parenthood
24%
No matching quizzes found
Score Distribution
Percent of People with Each Score
Percentile by Number Answered
Your Score History
You have not taken this quiz since the last reset